[Event "9th Beirut Open 2017"]
[Site "Beirut"]
[Date "2017.10.02"]
[Round "4"]
[White "Demchenko, Anton"]
[Black "Pruijssers, Roeland"]
[Result "1-0"]
[WhiteElo "2649"]
[BlackElo "2512"]
[Annotator "TA"]
[PlyCount "99"]
[EventDate "2017.??.??"]
[EventCountry "LBN"]
[SourceTitle "playchess.com"]
[Source "ChessBase"]
[SourceQuality "1"]

{[%evp 10,99,22,3,37,22,41,32,30,20,20,27,37,24,69,38,50,51,38,26,29,0,22,8,41,39,44,41,45,37,94,94,94,94,86,91,97,95,87,84,99,92,89,86,103,66,88,80,120,110,108,111,116,116,122,109,157,143,180,189,180,139,235,229,242,226,457,489,620,525,956,927,1053,1217,1199,1170,1155,0,0,0,1135,1068,29983,29984,29988,29988,29987,29988,29988,29989,29989,12839]} 1. d4 f5 2. Bf4 Nf6 3. e3 e6 4. Nf3 b6 5. Bd3 Bb7 6. Nbd2 {LiveBook: 31 Games} g6 {A80: Dutch Defence: Unusual White second moves} 7. Qe2 Bg7 8. O-O-O $146 ({Predecessor:} 8. h3 O-O 9. g4 d6 10. O-O-O Qe7 11. gxf5 exf5 12. h4 Nh5 13. Bh2 Nd7 14. Ba6 Bxa6 15. Qxa6 {0-1 (27) Renner,C (2375)-Smerdon,D (2506) Germany 2015}) 8... O-O {White is slightly better.} 9. c3 d6 10. e4 Qe8 {White must now prevent ...fxe4.} 11. Bg3 Bh6 12. Kb1 Nbd7 13. Rhe1 Nh5 14. exf5 exf5 15. Bc4+ d5 16. Qf1 $1 Qf7 (16... Qc8 {is interesting.} 17. Be2 a5 18. Bh4 Nhf6 19. Bg5 Bg7) 17. Bd3 Nf4 18. Bxf4 Bxf4 19. g3 $36 {[%mdl 2048] White is pushing.} Bd6 (19... Bh6 $14) 20. Ng5 $1 $16 {[%cal Rg5f7]} Qf6 21. f4 h6 22. Ngf3 $1 Qg7 23. Ba6 Bxa6 24. Qxa6 Nf6 25. Ne5 Kh7 26. Ndf3 {[%cal Bd2f3,Bf3h4,Bh4g2,Bg2e3][%mdl 32]} Ne4 27. Qb7 Qg8 $1 28. Nh4 Rf6 {[#]} 29. Ng2 $1 Rff8 30. Ne3 Nf6 31. h3 Qe6 32. g4 Rab8 33. Qc6 b5 {[#]} 34. Nxg6 $1 (34. gxf5 $6 gxf5 35. Qa6 Rg8 $16) 34... Rfe8 {And now ...Rb6 would win.} 35. Nc2 ({Much less strong is} 35. gxf5 $6 Qc8 $16) 35... Ne4 (35... Qc8 $16 36. Rxe8 Qxe8 37. Qxe8 Rxe8) 36. Ne5 $1 $18 fxg4 37. hxg4 {Threatens to win with f5.} b4 $2 (37... Rb6 {keeps fighting.} 38. Qd7+ Qxd7 39. Nxd7 Rb7) 38. c4 b3 39. axb3 Rxb3 {[%cal Rd6e5]} 40. cxd5 Qxd5 41. Qxe8 {Threatening mate with Qg6+.} ({Inferior is} 41. Qxd5 Nc3+ 42. Ka1 Nxd5 $14) 41... Nc3+ 42. Kc1 {White wants to mate with Qg6+.} Na2+ 43. Kb1 Nc3+ $1 44. Kc1 {Qg6+ would kill now.} Na2+ 45. Kd2 {White threatens Qg6+ and mate.} Bb4+ 46. Nxb4 {White mates.} Qxd4+ 47. Ned3 Rxb2+ 48. Nc2 Qc3+ 49. Ke3 Rxc2 50. Ke4 {Precision: White = 90%, Black = 51%.} (50. g5 $142 Re2+ 51. Rxe2 Qc4 52. g6+ Kg7 53. Qe7+ Kg8 54. Rb2 Nb4 55. Rxb4 Qe6+ 56. Qxe6+ Kh8 57. Qf6+ Kg8 58. Rb8#) 1-0

[Event "9th Beirut Open 2017"]
[Site "Beirut"]
[Date "2017.10.02"]
[Round "4"]
[White "Kiriakov, Petr"]
[Black "Ibrahim, Hatim"]
[Result "1/2-1/2"]
[WhiteElo "2543"]
[BlackElo "2331"]
[Annotator "TA"]
[PlyCount "60"]
[EventDate "2017.??.??"]
[EventCountry "LBN"]
[SourceTitle "playchess.com"]
[Source "ChessBase"]
[SourceQuality "1"]

{[%evp 22,60,29,20,31,31,31,29,42,18,33,29,25,16,15,19,37,21,36,38,37,35,79,21,29,22,33,-7,0,-14,-10,-10,-16,-24,-23,-27,-29,-80,-72,-127,-108]} 1. d4 d5 2. c4 e6 3. Nc3 Nf6 4. cxd5 exd5 5. Bg5 c6 6. e3 Be7 7. Qc2 Nbd7 8. Bd3 h6 9. Bh4 Nh5 10. Bxe7 {D36: Queen's Gambit Declined: Exchange Variation: Main line (5 Bg5 c6 6 Qc2)} Qxe7 11. O-O-O Nb6 12. h3 {LiveBook: 13 Games. White has an edge.} (12. Kb1 Nf6 13. Rc1 Be6 14. Nf3 O-O-O 15. Na4 Nfd7 16. Nc5 Nxc5 17. dxc5 Nc4 {1-0 (45) Rodshtein,M (2695)-Brunello,S (2555) Douglas 2017}) 12... Bd7 13. Nf3 O-O-O $146 ({Predecessor:} 13... Rc8 14. Ne5 Nf6 15. Kb1 {1-0 (51) Misovic,S (1872)-Vujacic,B (1903) Cetinje 2007}) 14. Ne5 Be8 15. Kb1 Kb8 16. Rc1 Nf6 17. Rhe1 Nfd7 18. Nf3 Nf6 19. Ka1 Bd7 20. Ne5 Be6 21. f4 Rc8 22. Na4 (22. f5 $16 Bd7 23. e4) 22... Nxa4 23. Qxa4 Nd7 {[%cal Bf6d7,Bd7b6,Bb6c4][%mdl 32]} 24. Nf3 (24. f5 $5 {[%cal Rf5e6]} Nxe5 25. dxe5 $14) 24... Nb6 25. Qa5 f6 26. Nd2 Rhe8 27. Nb3 Nc4 $36 {[%mdl 2048] Black has good play.} 28. Qc3 Nd6 29. Na5 (29. Qc2 $11 {keeps the balance.}) 29... Bf5 $17 30. g4 ({White should play} 30. Nb3) 30... Bxd3 {Precision: White = 25%, Black = 53%.} 1/2-1/2

[Event "9th Beirut Open 2017"]
[Site "Beirut"]
[Date "2017.10.02"]
[Round "4"]
[White "Kotanjian, Tigran"]
[Black "Volkov, Sergey"]
[Result "0-1"]
[WhiteElo "2475"]
[BlackElo "2638"]
[Annotator "TA"]
[PlyCount "64"]
[EventDate "2017.??.??"]
[EventCountry "LBN"]
[SourceTitle "playchess.com"]
[Source "ChessBase"]
[SourceQuality "1"]

{[%evp 17,64,22,22,37,25,28,23,18,12,8,0,21,17,20,25,0,11,8,24,13,4,0,139,96,117,0,39,35,33,7,99,-195,-207,-177,-3,-446,-449,-408,-435,-442,-440,-400,-163,-1035,-1009,-29994,-29995,-29996,-29997]} 1. c4 c6 2. d4 d5 3. Nf3 Nf6 4. Nc3 a6 5. e3 b5 6. b3 Bg4 7. Bd2 {D15: Slav Defence: 4 Nc3 a6 and gambit lines after 4 Nc3 dxc4} (7. a4 bxc4 8. bxc4 e6 9. c5 a5 10. h3 Bh5 11. g4 Bg6 12. Ne5 Nfd7 13. Nxg6 hxg6 14. Rb1 Be7 {½-½ (39) Matlakov,M (2728)-Aronian,L (2799) Tbilisi 2017}) 7... Nbd7 8. h3 Bh5 9. g4 {[%cal Bg2g4,Bg4g5][%mdl 32]} Bg6 {LiveBook: 4 Games} 10. Nh4 e6 11. Nxg6 hxg6 12. g5 b4 13. Ne2 $146 ({Predecessor:} 13. Nxd5 Nxd5 14. cxd5 exd5 {1-0 (31) Osborne,M (2245)-Foo,W (2009) North Shields 2012}) 13... Ne4 14. f4 c5 15. Bg2 f5 16. gxf6 Ndxf6 17. O-O Bd6 18. a3 {Threatening axb4.} a5 $36 {[%mdl 2048] Black has the initiative.} 19. Bc1 g5 (19... Kf7 $11) 20. dxc5 Bxc5 21. Nd4 (21. axb4 $16 Bxb4 22. cxd5 Qxd5 23. Bb2) 21... Qb6 22. axb4 Bxb4 23. f5 g4 (23... e5 $11 {keeps the balance.} 24. Ne6 Nc3) 24. hxg4 $2 {[%mdl 8192]} (24. fxe6 $16 {keeps the pressure on. Hoping for cxd5.} gxh3 25. Bxe4 dxe4 26. Bd2) 24... Qd6 $19 {[%csl Gh8][%cal Rd6h2] [#]} 25. Rf4 Nc3 $2 (25... e5 $19 26. Nb5 Qd8 27. Rxe4 dxe4) 26. c5 $2 {[%mdl 8192]} (26. Qd3 $1 $11 {and White is okay.} e5 27. c5 Bxc5 28. g5) 26... Qxf4 $1 ({Stronger than} 26... Nxd1 27. cxd6 e5 28. Rf1 $11) 27. exf4 Nxd1 28. Nxe6 Nxg4 29. Bxd5 Rd8 (29... Rc8 $142 30. Bb7 Rxc5 31. Nxc5 Bxc5+ 32. Kg2 Nge3+ 33. Kg3 Nxf5+ 34. Kg4 Nde3+ 35. Bxe3 Nxe3+ 36. Kf3 Bb6) 30. Bf3 $2 {[#]} (30. Nxd8 Bxc5+ 31. Kg2 Kxd8 32. Rxa5 Nge3+ 33. Bxe3 Nxe3+ 34. Kg3 Nxf5+ 35. Kf3) 30... Rd3 31. Ba3 Rxf3 32. Bxb4 Nde3 {Precision: White = 33%, Black = 40%.} 0-1

[Event "9th Beirut Open 2017"]
[Site "Beirut"]
[Date "2017.10.02"]
[Round "4"]
[White "Tsatsalashvili, Keti"]
[Black "Adly, Ahmed"]
[Result "1/2-1/2"]
[WhiteElo "2264"]
[BlackElo "2625"]
[Annotator "TA"]
[PlyCount "169"]
[EventDate "2017.??.??"]
[EventCountry "LBN"]
[SourceTitle "playchess.com"]
[Source "ChessBase"]
[SourceQuality "1"]

{[%evp 9,169,18,18,27,27,29,29,0,11,-14,-14,-14,-10,-27,-19,-23,-30,-37,0,-13,0,7,4,0,-25,-25,-7,-49,-45,-45,-45,-45,-45,-45,-43,-52,-49,-60,-45,-69,-74,-75,-73,-81,-62,-81,-75,-81,-75,-74,-60,-66,-42,-42,-40,-44,-41,-47,-45,-62,-54,-54,-54,-54,-54,-91,-54,-77,-62,-74,-64,-74,-70,-135,-89,-121,-121,-127,-93,-90,-99,-90,-90,-91,-99,-99,-86,-87,-12,-149,0,-451,-12,-12,0,-381,0,-19,-8,-8,-8,-90,-90,-247,-98,-247,-247,-310,-145,-272,-12,-12,-12,-14,-14,-87,-64,-158,0,0,0,0,0,0,0,0,0,0,0,0,0,0,0,0,0,0,0,0,0,0,0,0,0,0,0,0,0,0,0,0,0,0,0,0,0,0,0,0,0,0,0,0]} 1. Nf3 d5 2. g3 Nf6 3. Bg2 e6 4. O-O b5 (4... Be7 5. c4 O-O 6. d4 dxc4 7. Qc2 a6 8. a4 Bd7 9. Bg5 Bc6 10. Rd1 a5 11. Na3 Na6 12. Nxc4 Nb4 13. Qc1 h6 14. Bxf6 Bxf6 15. Nfe5 Bd5 16. Qc3 b6 {½-½ (36) Dubov,D (2666)-Aronian,L (2799) Tbilisi 2017}) 5. a4 b4 {LiveBook: 6 Games} 6. c4 {A07: Réti Opening: New York and Capablanca Systems} bxc3 7. bxc3 Ba6 8. Ba3 $146 {White has an edge.} ({Predecessor:} 8. d3 Be7 9. Nbd2 Nbd7 10. Nd4 {0-1 (30) Pantsulaia,L (2600)-Khurtsidze,N (2420) Baku 2009}) 8... c5 9. d4 Nbd7 10. Nbd2 Rc8 11. Re1 Be7 12. e4 dxe4 13. Nxe4 O-O (13... Nxe4 {is more complex.} 14. Rxe4 Bb7 15. Re1 O-O 16. Ne5 Bxg2 17. Kxg2 Nxe5 18. dxe5 Qc7) 14. Ne5 cxd4 15. Bxe7 Qxe7 16. Nxd7 Nxd7 17. Qxd4 Nb6 18. Qd6 Qxd6 19. Nxd6 Rxc3 20. Nb5 Bxb5 21. axb5 Rc7 22. Ra6 Rd8 23. Rea1 Nc8 24. Bc6 g5 25. Kg2 Rd4 26. h3 Kf8 27. Bf3 Ke7 28. Bc6 h6 29. R1a2 Rd6 30. R2a4 f5 31. g4 Kf6 32. Ra3 Rh7 33. gxf5 exf5 34. Rc3 Re7 35. Bf3 Rxa6 36. bxa6 $15 {[%mdl 4096] Endgame KRB-KRN} Nd6 $1 37. Rb3 Ke6 38. Bc6 Rc7 39. Re3+ Kf6 40. Bd5 Re7 41. Rb3 (41. Rc3 $15) 41... Re5 42. Bb7 Rb5 43. Rc3 Nxb7 $17 {KRN-KR} 44. Rc6+ Ke5 45. axb7 Rxb7 46. Rxh6 {KR-KR} a5 {...Ra7 is the strong threat.} 47. Ra6 Rb5 48. Ra8 Rc5 ({Black should play} 48... Kf4 $1 $17 {next ...Rd5 is good for Black.} 49. Ra6 Ke5) 49. Ra7 (49. Kg3 $1 $11) 49... Kd4 {[#]} (49... f4 $1 $17 50. Kf3 Kd5) 50. Kg3 $2 {[%mdl 8192]} (50. f4 $1 $11 {[%mdl 512]}) 50... Rc3+ $2 ({Black should try} 50... f4+ $1 $19 51. Kg4 Kc4) 51. Kg2 $1 $11 Rc5 $2 {[%mdl 8192]} (51... Ra3 $11 52. Rg7 a4 53. Rxg5 Rb3 54. Rxf5 a3) 52. Kg3 $19 {[#] Now f4 and White clings on.} Ke5 $2 (52... f4+ $1 $19 53. Kg4 Kc4) 53. Ra8 Rc3+ 54. Kg2 $1 Ra3 {aiming for ...a4.} 55. Rg8 (55. Re8+ $1 $11 {remains equal.} Kf4 56. Rh8) 55... Kf4 $17 56. Ra8 $2 (56. Rh8 $17 {was necessary.}) 56... Ra1 (56... a4 $19 {has better winning chances.} 57. Rh8 Rb3) 57. Ra7 (57. Rh8 $17 {might work better.}) 57... a4 $19 58. Ra8 Ra2 (58... Ke4 $19 {is more deadly. And now ...a3 would win.} 59. Re8+ Kf4) 59. Ra7 (59. Rh8 $17) 59... g4 $2 (59... a3 $19 {Hoping for ...Ke4.} 60. Ra4+ Ke5) 60. hxg4 $11 Kxg4 {Threatens to win with ...Ra1.} (60... fxg4 $2 61. Rf7+ Kg5 62. Rg7+ Kf5 63. Rf7+ Kg6 64. Rc7 $17) 61. Ra8 Kf4 {White must now prevent ...Ra1.} 62. Ra7 Ra1 63. Ra8 {[#]} a3 $2 (63... Ra3 $1 $17 {Strongly threatening ...Ra2.} 64. Ra7 Ra2) 64. Ra4+ {The position is equal.} Ke5 65. Kf3 Kd6 66. Kf4 Kc5 67. Kxf5 Kb5 68. Ra8 Kb4 69. f4 Rc1 70. Rb8+ Kc3 71. Ra8 Kb2 72. Rb8+ Ka1 73. Kg6 Rg1+ 74. Kf6 a2 75. f5 Rb1 76. Ra8 Kb2 77. Kg7 Rg1+ 78. Kf7 a1=Q 79. Rxa1 Rxa1 {KR-KP} 80. f6 Kc3 81. Kg7 Rg1+ 82. Kh7 Rf1 83. Kg7 Rg1+ 84. Kh7 Rf1 85. Kg7 {Precision: White = 45%, Black = 54%.} 1/2-1/2

[Event "9th Beirut Open 2017"]
[Site "Beirut"]
[Date "2017.10.02"]
[Round "4"]
[White "Gevorgyan, Maria"]
[Black "Yilmaz, Mustafa"]
[Result "0-1"]
[WhiteElo "2262"]
[BlackElo "2633"]
[Annotator "TA"]
[PlyCount "98"]
[EventDate "2017.??.??"]
[EventCountry "LBN"]
[SourceTitle "playchess.com"]
[Source "ChessBase"]
[SourceQuality "1"]

{[%evp 19,98,-20,14,0,0,0,9,11,3,-3,2,-4,-10,0,0,0,4,-19,-18,-18,0,4,30,16,49,-31,-30,-28,-20,-25,-37,-30,-37,-33,-13,-7,0,-60,-30,-36,0,-37,-27,-25,-47,-53,-45,-506,-495,-702,-701,-700,-698,-670,-687,-663,-661,-655,-655,-703,-697,-691,-562,-819,-808,-812,-659,-932,-911,-1573,-1539,-29981,-29982,-29984,-29985,-29985,-29986,-29986,-29985,-29985,-29986]} 1. e4 c5 2. Nc3 d6 3. g3 Nc6 4. Bg2 g6 5. Nge2 Bg7 6. d3 Rb8 7. Be3 b5 8. Qd2 b4 9. Nd1 h5 {B26: Sizilianisch (Geschlossenes System)} (9... e5 10. b3 Nd4 11. O-O Ne7 12. Nb2 O-O 13. a3 a5 14. axb4 axb4 15. Nc4 Qc7 16. Ra2 Nb5 17. Rd1 Be6 {0-1 (83) Lerch,P (2415)-Dvoirys,S (2552) Pardubice 2017}) 10. h3 Nf6 {LiveBook: 4 Partien} 11. O-O Bd7 {Die Stellung ist ausgeglichen.} 12. f4 Qc8 13. Kh2 a5 14. c3 $146 a4 15. d4 bxc3 16. bxc3 Na5 17. e5 Nh7 18. exd6 Nc4 19. Qd3 Nxd6 20. dxc5 Bb5 21. Qc2 Nf5 22. Bf2 (22. Rb1 $14 O-O 23. c4 Nxe3 24. Nxe3 Qxc5 25. cxb5 (25. Rxb5 Qxe3 26. Rf3 Qa7 $14) 25... Qxe3 26. Rf3) 22... h4 $36 {[%mdl 2048] Droht ...hxg3+ und aus. Schwarz hat Druck.} 23. gxh4 Nf6 $1 24. Rb1 Bxe2 ({Vergiftet wäre} 24... Nxh4 $2 25. Bxh4 Bxe2 26. Bxf6 $18 (26. Qxa4+ Kf8 $14) (26. Rxb8 Qxb8 27. Bxf6 Bxf1 $16)) 25. Rxb8 Qxb8 26. Qxe2 Bh6 {[%cal Bg7h6,Bh6f4,Bf4h2][%mdl 32]} 27. Kg1 Bxf4 28. Re1 (28. Qb2 $11) 28... Bh2+ 29. Kh1 O-O 30. Qf3 Bg3 31. Ne3 Bxf2 $1 32. Qxf2 Ne4 33. Qc2 $2 {[%mdl 8192]} (33. Bxe4 $15 Ng3+ 34. Kg2 Nxe4 35. Qf3 Nxc5 36. Re2) 33... Qg3 $19 34. Re2 (34. Qe2 $142 Nf2+ 35. Kg1 Nxh3+ 36. Kh1) 34... Nxe3 35. Qxe4 Rd8 {[#] ( -> ...Td1+)} 36. Qxe3 Rd1+ 37. Qg1 Rxg1+ 38. Kxg1 Qxc3 {[%mdl 4096] Endspiel KD-KTL} 39. c6 e5 {[%cal Be7e5,Be5e4][%mdl 32]} 40. h5 Kg7 41. hxg6 f5 {[%cal Bf7f5,Bf5f4][%mdl 32]} 42. Rf2 Kxg6 43. Bd5 e4 44. Be6 f4 {[#] Und weiter mit ...f3 wäre nett.} 45. Bd5 Qe1+ {Schwarz setzt Matt.} 46. Rf1 Qg3+ 47. Kh1 Qxh3+ 48. Kg1 Qg3+ 49. Kh1 Qh4+ {Precision: Weiß = 19%, Schwarz = 80%.} 0-1

[Event "9th Beirut Open 2017"]
[Site "Beirut"]
[Date "2017.10.02"]
[Round "4"]
[White "Abdulaziz, Mahmoud"]
[Black "Said, Riad"]
[Result "1-0"]
[WhiteElo "2093"]
[BlackElo "1793"]
[Annotator "NA RC"]
[PlyCount "79"]
[EventDate "2017.??.??"]
[EventCountry "LBN"]
[SourceTitle "playchess.com"]
[Source "ChessBase"]
[SourceQuality "1"]
[TimeControl "5400+30"]

1. c4 c5 2. g3 Nc6 3. Bg2 g6 4. Nc3 Bg7 5. Nf3 Nf6 6. O-O O-O 7. d4 cxd4 8. Nxd4 h6 9. e3 Ne5 10. b3 d6 11. f4 Ned7 12. h3 Nc5 13. Kh2 Rb8 14. Bb2 Bd7 15. Qe2 a6 16. Rad1 Re8 17. f5 e5 18. fxe6 Nxe6 19. Qc2 Nh5 20. Nde2 Bc6 21. Nd5 Qg5 22. Rf3 Nc5 23. Bxg7 Nxg7 24. h4 Qe5 25. Qc3 Nf5 26. e4 Nxh4 27. Rf2 Nxg2 28. Nf6+ Kf8 29. Nxe8 Qxc3 30. Nxc3 Ne3 31. Nxd6 Ng4+ 32. Kg1 Nxf2 33. Kxf2 Rd8 34. Ke3 f6 35. b4 Ne6 36. a4 Ke7 37. c5 h5 38. Nd5+ Bxd5 39. exd5 Nc7 40. Kd4 1-0

[Event "9th Beirut Open 2017"]
[Site "Beirut"]
[Date "2017.10.02"]
[Round "4"]
[White "Asmar, Elie"]
[Black "Jabr, Bernard"]
[Result "1-0"]
[WhiteElo "2061"]
[BlackElo "1721"]
[Annotator "NA RC"]
[PlyCount "59"]
[EventDate "2017.??.??"]
[EventCountry "LBN"]
[SourceTitle "playchess.com"]
[Source "ChessBase"]
[SourceQuality "1"]
[TimeControl "5400+30"]

1. d4 d5 2. Bf4 Bf5 3. e3 e6 4. Nf3 Nf6 5. Be2 c5 6. c3 Nc6 7. Nbd2 h6 8. Ne5 c4 9. b3 cxb3 10. axb3 Bd6 11. Nxc6 bxc6 12. Bxd6 Qxd6 13. b4 O-O 14. O-O e5 15. Nf3 exd4 16. Nxd4 Bg6 17. Ra6 Rfc8 18. Bg4 Nxg4 19. Qxg4 Rc7 20. Rfa1 Qe5 21. Qg3 Qxg3 22. hxg3 c5 23. bxc5 Rxc5 24. Rxa7 Rxa7 25. Rxa7 Rxc3 26. Ra5 Be4 27. f3 Bg6 28. Kf2 Bd3 29. Rxd5 Rc1 30. Ne2 1-0

[Event "9th Beirut Open 2017"]
[Site "Beirut"]
[Date "2017.10.02"]
[Round "4"]
[White "Sursock, Sameer"]
[Black "Kaloust, Giorgio"]
[Result "1-0"]
[WhiteElo "2033"]
[BlackElo "1764"]
[Annotator "NA RC"]
[PlyCount "59"]
[EventDate "2017.??.??"]
[EventCountry "LBN"]
[SourceTitle "playchess.com"]
[Source "ChessBase"]
[SourceQuality "1"]
[TimeControl "5400+30"]

1. e4 c5 2. Nf3 g6 3. d4 cxd4 4. Nxd4 Bg7 5. Nc3 d6 6. Be3 Nc6 7. Qd2 Nf6 8. f3 O-O 9. O-O-O Re8 10. g4 Nd7 11. h4 Nde5 12. Qf2 h6 13. h5 Nxd4 14. Bxd4 g5 15. Be2 a6 16. Nd5 Be6 17. Kb1 b5 18. Rhg1 Bxd5 19. exd5 f6 20. f4 Nd7 21. fxg5 fxg5 22. Bxg7 Kxg7 23. Qf5 Ne5 24. Bd3 Rh8 25. Rde1 Qe8 26. Rxe5 dxe5 27. Qxe5+ Kg8 28. Rf1 Qd7 29. Bf5 Qe8 30. Bg6 1-0

[Event "9th Beirut Open 2017"]
[Site "Beirut"]
[Date "2017.10.02"]
[Round "4"]
[White "Ghannam, Kotayba"]
[Black "Ammoun, Hani"]
[Result "1-0"]
[WhiteElo "2022"]
[BlackElo "2109"]
[Annotator "TA"]
[PlyCount "45"]
[EventDate "2017.??.??"]
[EventCountry "LBN"]
[SourceTitle "playchess.com"]
[Source "ChessBase"]
[SourceQuality "1"]

{[%evp 10,45,42,39,156,151,353,356,362,366,363,364,368,357,360,352,420,412,482,466,487,487,495,489,505,504,478,412,506,473,526,539,549,521,952,930,1212,1208]} 1. e4 d5 2. exd5 Qxd5 3. Nc3 Qa5 4. Nf3 c6 5. d4 Bf5 6. Ne5 {LiveBook: 28 Games. B01: Scandinavian Defence} (6. Bd3 Bxd3 7. Qxd3 Qa6 8. Ne5 e6 9. Nc4 Nf6 10. O-O Be7 11. b3 O-O 12. Bb2 Nbd7 13. Qf3 Rad8 14. Rfd1 Nb6 15. Ne3 {½-½ (53) Anand,V (2786)-Nakamura,H (2784) Moscow 2013}) 6... e6 {[#]} ({Black should play} 6... Nf6 $14) 7. g4 $1 $16 {[%cal Rg4f5,Bg2g4,Bg4g5][%mdl 32]} Be4 $2 {[#]} (7... Bg6 $16) 8. Nc4 $1 $18 {[%cal Rc4a5] White is winning.} Bxc2 9. Nxa5 Bxd1 10. Kxd1 b6 11. Nc4 Nf6 12. g5 $146 ({Predecessor:} 12. Ne5 Bd6 13. h3 Nd5 14. Nxd5 exd5 {1-0 (49) Csatari,L (1611)-Csontos,D (1570) Hungary 2014}) 12... Nfd7 13. Bf4 Be7 14. Nd6+ Kf8 15. Bg2 a5 16. Kc2 h5 17. g6 fxg6 18. Nce4 Bf6 19. Rad1 {White is clearly winning.} Ke7 20. Nc4 b5 21. Ne5 Rc8 22. Nxg6+ Kf7 23. Nd6+ {Precision: White = 100%, Black = 36%.} 1-0

[Event "9th Beirut Open 2017"]
[Site "Beirut"]
[Date "2017.10.02"]
[Round "4"]
[White "Khechen, Nabil E"]
[Black "Khalili, Moustafa"]
[Result "1-0"]
[WhiteElo "1956"]
[BlackElo "1712"]
[Annotator "NA RC"]
[PlyCount "121"]
[EventDate "2017.??.??"]
[EventCountry "LBN"]
[SourceTitle "playchess.com"]
[Source "ChessBase"]
[SourceQuality "1"]
[TimeControl "5400+30"]

1. e4 c5 2. d4 cxd4 3. c3 dxc3 4. Nxc3 d6 5. Bc4 Nc6 6. Nf3 Nf6 7. e5 dxe5 8. Qxd8+ Kxd8 9. Ng5 Nd4 10. O-O Ke8 11. Bxf7+ Kd7 12. Bc4 e6 13. Nf7 Rg8 14. Nxe5+ Ke7 15. Rd1 Nc6 16. f4 Nxe5 17. fxe5 Ng4 18. Bg5+ Kf7 19. Ne4 Nxe5 20. Bb5 Bb4 21. a3 Ba5 22. Nd6+ Kg6 23. Bf4 Ng4 24. Bd3+ Kf6 25. Ne4+ Kf5 26. Rf1 Bb6+ 27. Kh1 Nf2+ 28. Rxf2 Bxf2 29. Bd6 Rd8 30. Nxf2+ Kf6 31. Ng4+ Kf7 32. Bb4 Kg8 33. Ne5 a5 34. Bc3 b6 35. Be4 Ra6 36. Nc6 Re8 37. Rd1 Bb7 38. Rd7 Bxc6 39. Bxc6 Rb8 40. Rxg7+ Kf8 41. Rxh7 Rd8 42. Rh8+ Ke7 43. Bf6+ Kxf6 44. Rxd8 Ra7 45. Rd7 Ra6 46. a4 e5 47. Kg1 Ke6 48. Rh7 Kd6 49. Rh6+ Kc5 50. Bb5 Ra7 51. Kf2 Rf7+ 52. Ke2 Rf4 53. Rc6+ Kd5 54. Rxb6 Rb4 55. Kd3 Rd4+ 56. Ke3 Re4+ 57. Kd3 Rd4+ 58. Kc3 Ke4 59. Re6 Kf5 60. Re8 Rd1 61. h3 1-0

[Event "9th Beirut Open 2017"]
[Site "Beirut"]
[Date "2017.10.02"]
[Round "4"]
[White "Muhssen, Fared Saleh"]
[Black "Mohannad, Farhan"]
[Result "0-1"]
[WhiteElo "1905"]
[BlackElo "2243"]
[Annotator "TA"]
[PlyCount "29"]
[EventDate "2017.??.??"]
[EventCountry "LBN"]
[SourceTitle "playchess.com"]
[Source "ChessBase"]
[SourceQuality "1"]

{[%evp 12,29,20,23,42,32,54,24,38,12,32,19,34,25,35,37,126,-8,28,18]} 1. c4 e5 2. Nc3 d6 3. g3 g6 4. Bg2 Bg7 5. e3 Ne7 6. Nge2 O-O 7. O-O {LiveBook: 34 Partien} f5 {A21: Englische Eröffnung} (7... c5 8. d4 exd4 9. exd4 Nbc6 10. dxc5 dxc5 11. Bg5 h6 12. Be3 Nd4 13. Bxd4 cxd4 14. Nd5 Nxd5 15. Bxd5 {½-½ (23) Saric,A (2563)-Jovanovic,Z (2541) Opatija 2015}) 8. d4 e4 9. Qb3 $146 ({Vorgänger:} 9. f3 exf3 10. Bxf3 Nd7 11. b4 Nf6 12. Qb3 c6 13. b5 Be6 14. Ba3 Re8 15. d5 cxd5 16. cxd5 {0-1 (38) Wolstencroft,D (2180)-Ludgate,A (2275) Isle of Man 1994}) 9... c6 10. Bd2 Na6 11. f3 exf3 12. Bxf3 Kh8 13. Nf4 d5 (13... Nc7 $14) 14. c5 (14. cxd5 $16 {Droht Da3 und aus.} Nc7 15. dxc6 bxc6 16. Rf2) 14... g5 15. Nh5 {[%mdl 32768] Loss on Time!?} 0-1

[Event "9th Beirut Open 2017"]
[Site "Beirut"]
[Date "2017.10.02"]
[Round "4"]
[White "Ghassan, Houmsi"]
[Black "Najjar, Ahmad"]
[Result "0-1"]
[WhiteElo "1841"]
[BlackElo "2242"]
[Annotator "TA"]
[PlyCount "50"]
[EventDate "2017.??.??"]
[EventCountry "LBN"]
[SourceTitle "playchess.com"]
[Source "ChessBase"]
[SourceQuality "1"]

{[%evp 23,50,9,13,4,14,-7,-7,-7,-7,-7,-22,-23,-18,-12,-4,-25,-34,-57,-5,-31,-22,-75,-72,-124,-117,-757,-757,-719,-719]} 1. e4 c5 2. Nf3 g6 3. d4 cxd4 4. Nxd4 Bg7 5. Nc3 Nc6 6. Be3 Nf6 7. Be2 O-O 8. O-O d5 9. exd5 Nxd5 10. Nxd5 Qxd5 11. Bf3 Qc4 12. Nxc6 {B34: Sicilian: Accelerated Dragon with 5 Nc3: sidelines} bxc6 {LiveBook: 19 Games} 13. b3 (13. c3 Be6 14. b3 Qxc3 15. Rc1 Qa5 16. Bxc6 Rac8 17. Qe2 Rfd8 18. h3 Bd4 19. Bh6 Bg7 20. Be3 Bd4 21. Bh6 Bg7 22. Be3 Bd4 {½-½ (22) Jobava,B (2727)-Vachier Lagrave,M (2757) Wijk aan Zee 2015}) 13... Qc3 14. Qe2 {The position is equal.} a5 15. Be4 $1 Ba6 16. Bd3 Bxd3 17. cxd3 Rfd8 $146 ({Predecessor:} 17... Qxa1 18. Rxa1 Bxa1 19. Bc5 Bf6 {0-1 (27) Hendriks,S-Hoffmann,U (2035) Kleve 1999}) 18. Rac1 Qxd3 19. Qf3 Qd5 20. Qe2 Rdc8 (20... a4 $15) 21. Rfd1 Qe6 22. Qf3 (22. Qc2 $11 {keeps the balance.}) 22... a4 $17 23. bxa4 (23. Bc5 $142) 23... Rxa4 24. Rxc6 $2 {[%mdl 8192] [#]} (24. Re1 $17) 24... Rxc6 $19 25. Rd8+ Bf8 0-1